Rozpoznaj aktorki i aktorów po zdjęciu #6 - Statystyki

Ogólne statystyki
  • Ten quiz został rozwiązany 296 razy
  • Średni wynik to 11 z 16
Statystyki odpowiedzi
Obrazkowy Odpowiedź % Poprawnych
Marilyn Monroe
89%
Artur Żmijewski
82%
Jackie Chan
82%
Anna Mucha
80%
Katarzyna Cichopek
79%
Borys Szyc
73%
Adam Sandler
70%
John Travolta
70%
Harrison Ford
69%
Bruce Willis
67%
Penélope Cruz
60%
Steven Seagal
57%
Emma Stone
55%
Maja Ostaszewska
53%
Marta Żmuda Trzebiatowska
53%
Catherine Zeta-Jones
42%
Nie znaleziono quizów pasujących do podanych kryteriów
Rozkład punktacji
Procent ludzi z każdym wynikiem
Percentyl według liczby udzielonych odpowiedzi
Twoja historia wyników
Nie rozwiązałeś tego quizu